000
00282nam a2200121Ia 4500
005
20260326235451.0
008
260326s9999||||xx |||||||||||||| ||und||
100
_a
Cemex
245
0
_a
XIII Premio Obras Cemex /
_c
Cemex
260
_b
Cemex
650
_a
ARQUITECTURA CIVIL
942
_c
BK
999
_c
7766
_d
7766